Los intelectuales y la invencion del peronismo : estudios de antropologia social y cultural /
Guardado en:
| Autor Principal: | |
|---|---|
| Formato: | Libro |
| Publicado: |
Buenos Aires :
Alianza,
1998
|
| Series: | Alianza estudio ; 37
|
| Materias: | |
| Etiquetas: |
Agregar Etiqueta
Sin Etiquetas, Sea el primero en etiquetar este registro!
|
| LEADER | 00701nam a22002175a 4500 | ||
|---|---|---|---|
| 001 | EHU.bham028043 | ||
| 003 | AR-BHAM | ||
| 005 | 20110518104701.0 | ||
| 008 | 130507s1998##################000#0#####d | ||
| 082 | 3 | 0 | |a 301.188 |
| 100 | 1 | |a Neiburg, Federico | |
| 245 | 1 | 0 | |a Los intelectuales y la invencion del peronismo : |b estudios de antropologia social y cultural / |c Federico Neiburg |
| 260 | |a Buenos Aires : |b Alianza, |c 1998 | ||
| 300 | |a 290 p. | ||
| 490 | 0 | |a Alianza estudio ; 37 | |
| 653 | |a Peronismo | ||
| 653 | |a Antropologia cultural | ||
| 653 | |a Intelectuales | ||
| 653 | |a Politica argentina contemporanea | ||
| 653 | |a Universidad | ||
| 859 | |a AR-BHAM |b BIB. HUMANIDADES - General |h 301.188 |i N317 |p 275.05 |t Ej.1 | ||
